[Event "110th US Open"]
[Site "Indianapolis USA"]
[Date "2009.08.02"]
[Round "2"]
[White "Sandberg,E"]
[Black "Lau,Ro"]
[Result "0-1"]
[WhiteElo "2146"]
[BlackElo "2173"]

1.e4 c5 2.Nf3 e6 3.d4 cxd4 4.Nxd4 a6 5.Nc3 Qc7 6.Bd3 Nf6 7.O-O b5 8.Qe2 d6
9.f4 Nbd7 10.Kh1 Be7 11.Be3 Bb7 12.f5 e5 13.Nb3 b4 14.Nd5 Nxd5 15.exd5 Bxd5
16.Bxa6 Bxg2+ 17.Qxg2 Rxa6 18.Qxg7 Qc6+ 19.Qg2 d5 20.Qf3 d4 21.Bg1 O-O 22.Qg2+ Qxg2+
23.Kxg2 Rfa8 24.Kf3 Nf6 25.Rfe1 Bd6 26.Bf2 Rc8 27.Re2 Rac6 28.Rg1+ Kf8 29.Bh4 Nd5
30.Reg2 Ke8 31.Rg8+ Kd7 32.Rxc8 Kxc8 33.Rg8+ Kd7 34.Ke4 Nf4 35.Bg5 Nh3 36.Kd3 Nf2+
37.Kd2 Ne4+ 38.Kd3 Nf2+ 39.Kd2 h6 40.Bh4 Nh3 41.Rg4 Nf4 42.Bg3 Nd5 43.Rg7 Ke7
44.Bh4+ Kf8 45.Rh7 Be7 46.f6 Nxf6 47.Rh8+ Kg7 48.Bxf6+ Rxf6 49.Re8 Rf2+ 50.Kd3 Bf6
51.h4 Rh2 52.Nc5 Rxh4 53.Nd7 Rh3+ 54.Ke4 Re3+ 55.Kf5 Rf3+ 56.Ke4 Rf2 57.Kd3 Bg5
58.Nxe5 Rd2+ 59.Ke4 Rxc2 60.Kxd4 Rxb2 61.Nc6 h5 62.Rb8 Bf6+ 63.Kd3 h4 64.Rb5 Kg6
65.Ne5+ Bxe5 66.Rxe5 h3 67.Re8 h2 68.Rh8 Rxa2 69.Kc4 Rb2 70.Kd3 Kf5 71.Ke3 b3
72.Kd3 Rg2  0-1

[Event "Arctic Chess Challenge"]
[Site "Tromso NOR"]
[Date "2009.08.02"]
[Round "2"]
[White "Lovik,L"]
[Black "Berg,E"]
[Result "0-1"]
[WhiteElo "2296"]
[BlackElo "2610"]

1.e4 c5 2.Nf3 e6 3.d4 cxd4 4.Nxd4 a6 5.Nc3 Qc7 6.Be2 b5 7.O-O Bb7 8.Bf3 Nc6
9.Nxc6 dxc6 10.Qe2 Bd6 11.g3 Nf6 12.Be3 O-O 13.Bg2 c5 14.f4 b4 15.e5 Bxg2
16.Qxg2 bxc3 17.exf6 cxb2 18.Rab1 gxf6 19.Rxb2 Rab8 20.Rfb1 Rxb2 21.Rxb2 Rb8
22.c4 Rxb2 23.Qxb2 Be7 24.Qe2 Qb7 25.Bf2 Qb1+ 26.Be1 f5 27.Qe5 Bf8 28.Kf2 Qxa2+
29.Kf3 Qxc4 30.Bc3 Qd5+ 31.Ke3 Qxe5+ 32.Bxe5 c4  0-1

[Event "Centroamericano & Caribbean U20 w"]
[Site "Medellin COL"]
[Date "2009.08.03"]
[Round "7"]
[White "Heredia Serrano,C"]
[Black "Romero Echeverria,A"]
[Result "1/2-1/2"]
[WhiteElo "2135"]
[BlackElo "2048"]

1.e4 c5 2.Nf3 e6 3.d4 cxd4 4.Nxd4 a6 5.Nc3 b5 6.Bd3 Qb6 7.Be3 Bc5 8.Be2 Nc6
9.Nxc6 dxc6 10.Bxc5 Qxc5 11.Qd3 Nf6 12.f4 e5 13.f5 Ra7 14.O-O-O Bd7 15.Qf3 Kd8
16.g4 Kc8 17.Rhe1  1/2-1/2

[Event "Arctic Chess Challenge"]
[Site "Tromso NOR"]
[Date "2009.08.03"]
[Round "3"]
[White "Haug,M"]
[Black "Groetz,H"]
[Result "0-1"]
[WhiteElo "1987"]
[BlackElo "2350"]

1.e4 c5 2.Nf3 e6 3.d4 cxd4 4.Nxd4 a6 5.Nc3 Qc7 6.Be2 Nf6 7.O-O d6 8.a4 b6
9.f4 Bb7 10.Bf3 Nbd7 11.Qe1 Be7 12.Kh1 Rb8 13.g4 Qc4 14.Be3 e5 15.Nf5 Bf8
16.Rd1 Nxe4 17.fxe5 Nxc3 18.bxc3 Bxf3+ 19.Rxf3 Qe4 20.Nd4 dxe5 21.Bf4 Qxe1+
22.Rxe1 f6 23.g5 Rc8 24.Bd2 Kf7 25.gxf6 gxf6 26.Nf5 Rc4 27.Bh6 Rxa4 28.Rd1 Nc5
29.Nd6+ Ke6 30.Bxf8 Rxf8 31.Nf5 Rf4 32.Rxf4 exf4 33.Nd4+ Kf7 34.Rf1 Ne6 35.Nxe6 Kxe6
36.Rxf4 Rc8 37.c4 a5 38.Kg2 a4 39.Rh4 a3 40.Rxh7 Ra8  0-1

[Event "Open"]
[Site "Kavala GRE"]
[Date "2009.08.04"]
[Round "5"]
[White "Georgiadis,I"]
[Black "Parligras,M"]
[Result "0-1"]
[WhiteElo "2438"]
[BlackElo "2557"]

1.e4 c5 2.Nf3 e6 3.d4 cxd4 4.Nxd4 a6 5.Nc3 d6 6.f4 b5 7.Bd3 Bb7 8.Qe2 Nf6
9.O-O Be7 10.a4 b4 11.Na2 O-O 12.Kh1 a5 13.c3 Na6 14.e5 dxe5 15.fxe5 Nd7
16.Bf4 bxc3 17.Rad1 Nac5 18.Nxc3 Nxd3 19.Qxd3 Nc5 20.Qg3 Bh4 21.Qg4 f5 22.Qh3 Qe7
23.Nf3 Bxf3 24.Qxf3 Rab8 25.Rd2 Qb7 26.Qh5 Be7 27.Rfd1 Qc6 28.Bg5 Bxg5 29.Qxg5 f4
30.Rd8 f3 31.Rxb8 Rxb8 32.Rd8+ Rxd8 33.Qxd8+ Kf7 34.gxf3 Qxf3+ 35.Kg1 Nd3
36.Qd7+ Kg6 37.Qxe6+ Kh5 38.Qb6 Nf4  0-1

[Event "Open"]
[Site "Ptuj SLO"]
[Date "2009.08.04"]
[Round "4"]
[White "Gantar,J"]
[Black "Loncar,R"]
[Result "0-1"]
[WhiteElo "2011"]
[BlackElo "2429"]

1.e4 c5 2.Nf3 e6 3.Nc3 a6 4.d4 cxd4 5.Nxd4 b5 6.g3 Bb7 7.Bg2 Ne7 8.O-O Nec6
9.Nf3 d6 10.e5 d5 11.Bf4 Be7 12.h4 Nd7 13.Re1 Qb6 14.a3 h6 15.Qd2 Na5 16.b3 Rc8
17.Ne2 Bc5 18.Ned4 Nc6 19.Nxc6 Qxc6 20.Be3 Bxe3 21.Qxe3 Qc3 22.Nd4 Qxe3 23.Rxe3 g5
24.f4 gxf4 25.gxf4 Rg8 26.Kf2 Rg4 27.Kf3 Rg8 28.Kf2 Nb8 29.Rg3 Rxg3 30.Kxg3 Rc3+
31.Kg4 Nc6 32.Nxc6 Bxc6 33.Rc1 Ke7 34.Bf1 f5+ 35.exf6+ Kxf6 36.Bd3 Be8 37.h5 a5
38.Rb1 d4 39.Re1 a4 40.bxa4 bxa4 41.Ra1 Bc6 42.Kh4 Be8 43.Kg4 Rc5 44.Rh1 Bd7
45.Kh4 Rc3 46.Ra1 Ke7 47.Kg4 e5+ 48.Bf5 Rxc2 49.Bxd7 Kxd7 50.fxe5 Ke6 51.Kf4 Rh2
52.Rb1 Rh4+ 53.Kf3 Rxh5 54.Rb6+ Kf5 55.Ke2 Ke4 56.e6 Re5 57.e7 Kd5+ 58.Kd3 Re3+
59.Kd2 Rxe7 60.Rxh6 Re3 61.Rh8 Kc4 62.Rb8 Rd3+ 63.Kc2 Rc3+ 64.Kd2 Rh3 65.Rb4+ Kd5
66.Rxa4 Ke4 67.Ra8 Rh2+ 68.Ke1 Kd3 69.Rd8 Ra2 70.Rh8 Ra1+ 71.Kf2 Kd2 72.Ra8 d3
73.a4 Kc2 74.Rc8+ Kd1 75.Rd8 d2 76.Ra8 Kc2 77.Rc8+ Kb3 78.Rb8+ Ka3  0-1

[Event "80th Jubilee Viktor Kart"]
[Site "Lviv UKR"]
[Date "2009.08.05"]
[Round "2"]
[White "Grekh,A"]
[Black "Chulivska,V"]
[Result "0-1"]
[WhiteElo "2353"]
[BlackElo "2304"]

1.e4 c5 2.Nf3 e6 3.d4 cxd4 4.Nxd4 a6 5.Nc3 Qc7 6.Be2 Nc6 7.O-O b5 8.Be3 Nf6
9.Re1 Be7 10.f4 b4 11.Nxc6 Qxc6 12.e5 bxc3 13.exf6 Bxf6 14.Bf3 d5 15.Bd4 cxb2
16.Rb1 Bxd4+ 17.Qxd4 O-O 18.Rxb2 Bd7 19.c4 Qa4 20.Rd2 Rab8 21.Bd1 Qa5 22.cxd5 exd5
23.Qxd5 Bb5 24.Rde2 Rbd8 25.Qc5 Rc8 26.Qd5 Rcd8 27.Qc5 Rc8 28.Qd5 Qb6+ 29.Re3 Rfe8
30.Qf3 Rc1 31.Kf2 Qd4 32.a4 Bc6 33.Qg4 h5 34.Qxh5 Rxe3 35.Rxe3 Rxd1  0-1

[Event "4th Timisoara Cup A"]
[Site "Timisoara ROM"]
[Date "2009.08.06"]
[Round "6"]
[White "Emodi,G"]
[Black "Ogleznev,A"]
[Result "1-0"]
[WhiteElo "2311"]
[BlackElo "2338"]

1.e4 c5 2.Nf3 e6 3.Nc3 a6 4.d4 cxd4 5.Nxd4 b5 6.Be2 Bb7 7.Bf3 Qc7 8.O-O d6
9.a4 bxa4 10.Rxa4 Nd7 11.g3 Be7 12.Qe2 Ngf6 13.Rc4 Qd8 14.Rb4 Nc5 15.Rxb7 Nxb7
16.e5 dxe5 17.Qxe5 Nc5 18.Rd1 Ncd7 19.Qe2 O-O 20.Nc6 Qe8 21.Nxe7+ Qxe7 22.Bxa8 Rxa8
23.Nd5 Nxd5 24.Rxd5 Nf6 25.Ra5 Qb7 26.b3 Nd5 27.Bb2 Qc6 28.c4 Nc7 29.Rg5 g6
30.Qe5 Kf8 31.Qg7+ Ke8 32.Qg8+ Ke7 33.Qxh7 Qe4 34.Qg7 Qe1+ 35.Kg2 Qe4+ 36.Kh3 Qf3
37.Qe5 Kd7 38.Rg4 Qf5 39.Qd4+ Kc6 40.Kg2 Rd8 41.Qxd8 Qxg4 42.Qf6 Qf5 43.Qxf5 exf5
44.f3 Kd6 45.g4 Ke6 46.h4 fxg4 47.fxg4 f5 48.h5 gxh5 49.gxh5 Kf7 50.Kg3 Ne6
51.b4 Kg8 52.c5 a5 53.Ba3 axb4 54.Bxb4 Nd4 55.Kf4 Kh7 56.Kg5 Nc6 57.Bc3 Ne7
58.Bf6 Nd5 59.Be5 Ne7 60.Bd6 Nc6 61.Kxf5 Kh6 62.Kg4 Nd4 63.Bf4+ Kg7  1-0

[Event "FSIMB August"]
[Site "Budapest HUN"]
[Date "2009.08.08"]
[Round "8"]
[White "Spiropoulos,P"]
[Black "Kislik,E"]
[Result "0-1"]
[WhiteElo "2114"]
[BlackElo "2342"]

1.e4 c5 2.Nf3 e6 3.d4 cxd4 4.Nxd4 a6 5.Nc3 d6 6.Be2 g6 7.O-O Bg7 8.Be3 Ne7
9.Qd2 O-O 10.Rad1 Qc7 11.Nb3 Rd8 12.Bf4 e5 13.Bg5 f6 14.Nd5 Nxd5 15.Qxd5+ Kh8
16.Be3 Nc6 17.c4 b6 18.Qd2 a5 19.a3 Be6 20.Qc3 f5 21.f3 f4 22.Bf2 g5 23.Rd3 h5
24.Rfd1 Bf6 25.Rd5 g4 26.Rb5 Rab8 27.a4 Rg8 28.Qd2 Be7 29.Nc1 Rg6 30.b3 Bf8
31.Na2 g3 32.hxg3 fxg3 33.Be3 Qe7 34.Kf1 Qh4 35.Bg1 Qh1 36.Qc3 h4 37.f4 h3
38.f5 Bh6 39.fxg6 hxg2+  0-1

[Event "80th Jubilee Viktor Kart"]
[Site "Lviv UKR"]
[Date "2009.08.08"]
[Round "5"]
[White "Vetoshko,V"]
[Black "Massoni,M"]
[Result "1/2-1/2"]
[WhiteElo "2166"]
[BlackElo "2291"]

1.e4 c5 2.Nf3 e6 3.d4 cxd4 4.Nxd4 a6 5.Nc3 Qc7 6.Be2 Nf6 7.O-O Nc6 8.Be3 Bb4
9.Nxc6 Qxc6 10.Bf3 Bxc3 11.bxc3 e5 12.c4 O-O 13.Qd3 b5 14.c5 Bb7 15.Rac1 Qe6
16.Bg5 Bc6 17.Rfe1 Ne8 18.h3 f6 19.Bg4 Qxa2 20.Bd2 Nc7 21.Ra1 Qf7 22.Qd6 h5
23.Bxh5 Qxh5 24.Qxc7 Qg6 25.f3 f5 26.Qxe5 fxe4 27.fxe4 Rae8 28.Qg5 Qxg5 29.Bxg5 Re5
30.h4 Rfe8 31.Rxa6 Rxc5 32.Ra2 Rxe4 33.Rxe4 Bxe4 34.Be7 Rc3 35.Bb4 Rxc2 36.Rxc2 Bxc2
37.Kf2 Kf7 38.Ke3 Ke6 39.Kd4 Kf5 40.g3  1/2-1/2

[Event "80th Jubilee Viktor Kart"]
[Site "Lviv UKR"]
[Date "2009.08.08"]
[Round "5"]
[White "Fridman,R"]
[Black "Grekh,A"]
[Result "0-1"]
[WhiteElo "1903"]
[BlackElo "2353"]

1.e4 c5 2.Nf3 e6 3.d4 cxd4 4.Nxd4 a6 5.Nc3 Qc7 6.Be2 Nc6 7.Be3 Nf6 8.O-O b5
9.a3 Bb7 10.f4 Bc5 11.Qd3 b4 12.e5 Nxd4 13.Bxd4 Qb6 14.Bxc5 Qxc5+ 15.Kh1 bxc3
16.exf6 gxf6 17.b4 Qc7 18.Qd4 Ke7 19.Rad1 Rac8 20.Rd3 Rhg8 21.Bf3 d5 22.Re1 Rgd8
23.Ree3 Qc4 24.Qxc4 Rxc4 25.Rxc3 Rdc8 26.Rxc4 Rxc4 27.Rb3 Rxc2 28.Kg1 Bc6
29.Rb1 e5 30.fxe5 fxe5  0-1

[Event "Arctic Chess Challenge"]
[Site "Tromso NOR"]
[Date "2009.08.08"]
[Round "8"]
[White "Sulskis,S"]
[Black "Berg,E"]
[Result "0-1"]
[WhiteElo "2559"]
[BlackElo "2610"]

1.e4 c5 2.Nf3 e6 3.d4 cxd4 4.Nxd4 a6 5.Nc3 Qc7 6.Bd3 Nf6 7.Qe2 d6 8.f4 Nbd7
9.O-O b5 10.Bd2 Bb7 11.a3 g6 12.f5 gxf5 13.exf5 e5 14.Ne6 Qc6 15.Nxf8 Rxf8
16.Rae1 O-O-O 17.Ne4 Rg8 18.Rf3 Rg4 19.Nxf6 Nxf6 20.Rg3 Rxg3 21.hxg3 e4 22.Rc1 Kd7
23.Bg5 Qc5+ 24.Kh2 exd3 25.cxd3 Re8 26.Qf1 Ng4+ 27.Kh1 Qf2  0-1

[Event "80th Jubilee Viktor Kart"]
[Site "Lviv UKR"]
[Date "2009.08.09"]
[Round "7"]
[White "Bernadskiy,V"]
[Black "Chulivska,V"]
[Result "1-0"]
[WhiteElo "2330"]
[BlackElo "2304"]

1.e4 c5 2.Nf3 e6 3.d4 cxd4 4.Nxd4 a6 5.Nc3 Qc7 6.Be2 Nc6 7.O-O Nf6 8.Kh1 b5
9.a3 Bb7 10.f4 Nxd4 11.Qxd4 Bc5 12.Qd3 d6 13.f5 exf5 14.Rxf5 Nd7 15.Nd5 Bxd5
16.Qxd5 Nb6 17.Qd3 Nc4 18.Qc3 Ne5 19.Bf4 f6 20.Bxe5 dxe5 21.Qb3 Ke7 22.Qg3 g6
23.Rf3  1-0

[Event "Open"]
[Site "Ptuj SLO"]
[Date "2009.08.09"]
[Round "9"]
[White "Loncar,R"]
[Black "Kovacevic,Bl"]
[Result "1/2-1/2"]
[WhiteElo "2429"]
[BlackElo "2436"]

1.e4 c5 2.Nf3 e6 3.d4 cxd4 4.Nxd4 a6 5.Nc3 Qc7 6.Bd3 Nf6 7.O-O Bc5 8.Nb3 Be7
9.f4 d6 10.Qe2 Nbd7 11.Bd2 O-O 12.Rae1 e5 13.Kh1 exf4 14.Bxf4 Ne5 15.Bg5 Be6
16.Nd4 Nfg4 17.Bxe7 Qxe7 18.Qd2 Rfe8 19.h3 Nf6 20.Nf5 Bxf5 21.Rxf5 b5 22.a3 Ned7
23.Ref1 Rac8 24.Qf2 Qd8 25.Qg3  1/2-1/2

[Event "Yoel Geva YTGM"]
[Site "Tel Aviv ISR"]
[Date "2009.08.09"]
[Round "1"]
[White "Nabaty,T"]
[Black "Popilski,G"]
[Result "1/2-1/2"]
[WhiteElo "2504"]
[BlackElo "2392"]

1.e4 c5 2.Nf3 e6 3.d4 cxd4 4.Nxd4 a6 5.Nc3 Qc7 6.f4 b5 7.Bd3 Bb7 8.Qf3 Nc6
9.Be3 Nf6 10.g4 d5 11.e5 Nxd4 12.Bxd4 Nd7 13.O-O-O Bc5 14.Ne2 b4 15.Rhe1 a5
16.Bb5 Bc6 17.Bxc5 Nxc5 18.Nd4 Bd7 19.f5 O-O 20.f6 Rac8 21.Qf4 gxf6 22.Qh6 fxe5
23.Qg5+ Kh8 24.Qf6+ Kg8 25.Rxe5 Ne4 26.Rg5+ Nxg5 27.Qxg5+ Kh8 28.Qf6+ Kg8
29.Bxd7 Qxd7  1/2-1/2

[Event "XVIII TCh-MKD"]
[Site "Struga MKD"]
[Date "2009.08.14"]
[Round "5"]
[White "Nestorovic,L"]
[Black "Nedev,T"]
[Result "0-1"]
[WhiteElo "2240"]
[BlackElo "2508"]

1.e4 c5 2.Nf3 e6 3.d4 cxd4 4.Nxd4 a6 5.Nc3 Qc7 6.Be2 b5 7.a3 Bb7 8.O-O Nf6
9.Qd3 d6 10.f4 Nbd7 11.Bf3 Be7 12.g4 h6 13.Qe2 Nh7 14.Be3 g5 15.f5 e5 16.Nb3 Nhf6
17.Kg2 Rc8 18.Rad1 h5 19.h3 hxg4 20.hxg4 d5 21.Bg1 d4 22.Nd5 Qxc2 23.Nd2 Qxb2
24.a4 Rc2 25.Rb1 Qa3 26.Ra1 Nxd5 27.exd5 Qc3 28.Rfd1 Bb4 29.axb5 a5  0-1

[Event "XVIII TCh-MKD"]
[Site "Struga MKD"]
[Date "2009.08.14"]
[Round "5"]
[White "Volokitin,And"]
[Black "Nestorovic,De"]
[Result "1-0"]
[WhiteElo "2678"]
[BlackElo "2405"]

1.e4 c5 2.Nf3 e6 3.Nc3 a6 4.d4 cxd4 5.Nxd4 b5 6.Bd3 Qb6 7.Be3 Bc5 8.Be2 Nc6
9.Nxc6 dxc6 10.Bxc5 Qxc5 11.Qd3 Ne7 12.O-O-O O-O 13.f4 Qa7 14.h4 c5 15.h5 c4
16.Qd6 f6 17.h6 Ng6 18.hxg7 Kxg7 19.Qd2 Rf7 20.f5 exf5 21.Qh6+ Kg8 22.Bh5 Rg7
23.Bxg6 hxg6 24.Rd8+ Kf7 25.Qh8  1-0

[Event "BDO Premier"]
[Site "Haarlem NED"]
[Date "2009.08.15"]
[Round "1"]
[White "Willemze,J"]
[Black "Solleveld,Maa"]
[Result "0-1"]
[WhiteElo "2420"]
[BlackElo "2485"]

1.e4 c5 2.Nf3 e6 3.d4 cxd4 4.Nxd4 a6 5.Nc3 Qc7 6.Bd3 Nf6 7.Qe2 d6 8.O-O Be7
9.a4 b6 10.Bc4 O-O 11.Ba2 Bb7 12.f3 Nc6 13.Nxc6 Bxc6 14.Rd1 b5 15.axb5 axb5
16.Qe1 b4 17.Ne2 d5 18.Ng3 dxe4 19.fxe4 Bc5+ 20.Be3 Bxe4 21.Bb3 Ng4  0-1

[Event "Yoel Geva YTGM"]
[Site "Tel Aviv ISR"]
[Date "2009.08.17"]
[Round "8"]
[White "Nabaty,T"]
[Black "Bykhovsky,An ISR"]
[Result "0-1"]
[WhiteElo "2504"]
[BlackElo "2487"]

1.e4 c5 2.Nf3 e6 3.d4 cxd4 4.Nxd4 a6 5.Nc3 Qc7 6.f4 b5 7.Bd3 Bb7 8.Qf3 Nf6
9.g4 b4 10.Nce2 d5 11.e5 Ne4 12.f5 exf5 13.Bf4 g5 14.Bd2 f4 15.e6 fxe6 16.Nxe6 Qe5
17.Nxf8 Qxb2 18.Rd1 Rxf8 19.Qh3 Rf7 20.Qh6 Qe5 21.Bxe4 Qxe4 22.Kf2 d4 23.Bxb4 Qe3+
24.Kf1 Bg2+  0-1

[Event "9th Open"]
[Site "Brasschaat BEL"]
[Date "2009.08.18"]
[Round "4"]
[White "Roos,Ad"]
[Black "Nieto,E"]
[Result "0-1"]
[WhiteElo "2060"]
[BlackElo "2246"]

1.e4 c5 2.Nf3 e6 3.d4 cxd4 4.Nxd4 a6 5.Nc3 Qc7 6.Bd3 Nf6 7.O-O Bc5 8.Nb3 Ba7
9.Kh1 b5 10.f3 Bb7 11.Qe2 Nc6 12.Bg5 Ne5 13.a4 b4 14.Na2 a5 15.f4 Nxd3 16.cxd3 Qb6
17.Bxf6 gxf6 18.Qh5 f5 19.Qg5 h6 20.Qg7 Ke7 21.Rae1 Bc6 22.Nac1 Rag8 23.Qe5 fxe4
24.dxe4 f5 25.Nxa5 Bxe4 26.Rxe4 fxe4 27.Ncb3 Rxg2 28.Kxg2 Rg8+ 29.Kh3 Qe3+
30.Kh4 Qe2 31.Nc6+ Kf7 32.Qh5+ Qxh5+ 33.Kxh5 dxc6 34.Re1 e3 35.Re2 Rd8 36.Kxh6 Kf6
37.Kh5 Kf5 38.Kh6 Kxf4 39.Rc2 c5 40.Rc4+ Kf3 41.Nxc5 Bxc5 42.Rxc5 Rh8+  0-1

[Event "Open A"]
[Site "Panevezys LTU"]
[Date "2009.08.18"]
[Round "2"]
[White "Narva,T"]
[Black "Viskelis,S"]
[Result "1/2-1/2"]
[WhiteElo "1865"]
[BlackElo "2039"]

1.e4 c5 2.Nf3 e6 3.d4 cxd4 4.Nxd4 a6 5.Nc3 Qc7 6.g3 Nf6 7.Bg2 Nc6 8.Nxc6 bxc6
9.O-O d5 10.exd5 cxd5 11.Re1 Be7 12.Bf4 Qa5 13.a3 O-O 14.b4 Qd8 15.Na4 Bd7
16.c4 Rc8 17.cxd5 Nxd5 18.Be5 Bb5 19.Bxd5 exd5 20.Nc3 Bc4 21.Qd4 f6 22.Bf4 g5
23.Be3 a5 24.Rad1  1/2-1/2

[Event "BDO Premier"]
[Site "Haarlem NED"]
[Date "2009.08.19"]
[Round "5"]
[White "Van Kampen,R"]
[Black "Steingrimsson,H"]
[Result "1-0"]
[WhiteElo "2383"]
[BlackElo "2544"]

1.e4 c5 2.Nf3 e6 3.d4 cxd4 4.Nxd4 a6 5.Nc3 Qc7 6.g3 Bb4 7.Bd2 Nf6 8.Bg2 Nc6
9.Nxc6 bxc6 10.O-O a5 11.Re1 e5 12.Na4 Ba6 13.b3 Bb5 14.Nb2 Bxd2 15.Qxd2 c5
16.a4 Ba6 17.Bf1 Bb7 18.Nc4 Ke7 19.f3 d6 20.Rad1 Rhd8 21.Ne3 Bc8 22.Bc4 Be6
23.Qc3 Nd7 24.Rd2 Nb6 25.Bxe6 Kxe6 26.Red1 g6 27.f4 exf4 28.gxf4 f5 29.Nc4 Nxc4
30.Qxc4+ Ke7 31.exf5 Kf8 32.fxg6 hxg6 33.Qe6 Qf7 34.Qxf7+ Kxf7 35.Rxd6 Rxd6
36.Rxd6 c4 37.Rd5 Ke6 38.Rc5 Rd8 39.Rxc4 Kf5 40.Kf2 Kg4 41.Ke3 Re8+ 42.Kd3 Rh8
43.h4 Kf5 44.Ke3 Rxh4 45.Rc5+  1-0

[Event "ch-FRA National B"]
[Site "Nimes FRA"]
[Date "2009.08.19"]
[Round "9"]
[White "Bujisho,B"]
[Black "Charnushevich,A"]
[Result "0-1"]
[WhiteElo "2404"]
[BlackElo "2503"]

1.e4 c5 2.Nf3 e6 3.d4 cxd4 4.Nxd4 a6 5.Nc3 Qc7 6.Bd3 Nc6 7.Be3 Nf6 8.O-O Ne5
9.h3 d6 10.f4 Ng6 11.Nf3 Be7 12.Qd2 O-O 13.g4 b5 14.a3 Bb7 15.f5 exf5 16.exf5 Ne5
17.Nd4 d5 18.Rf4 Nc4 19.Bxc4 dxc4 20.g5 Nh5 21.Rg4 Bc5 22.Ne4 Bxe4 23.Rxe4 Ng3
24.Rf4 Bxd4 25.Rxd4 Nxf5 26.Rf4 Qe5 27.Bf2 Rad8 28.Re1 Rxd2 29.Rxe5 g6 30.a4 Rb8
31.Ba7 Ra8 32.Bf2 Rb8 33.Ba7 Rb7 34.Re8+ Kg7 35.Bc5 f6 36.gxf6+ Kxf6 37.Rfe4 Rxc2
38.a5 Rd7  0-1

[Event "Open A"]
[Site "Panevezys LTU"]
[Date "2009.08.19"]
[Round "4"]
[White "Rimeikis,A"]
[Black "Vanagas,T"]
[Result "1-0"]
[WhiteElo "1988"]
[BlackElo "1860"]

1.e4 c5 2.Nf3 e6 3.d4 cxd4 4.Nxd4 a6 5.Nc3 Qc7 6.Bd3 Nf6 7.O-O Nc6 8.Nxc6 dxc6
9.f4 Bc5+ 10.Kh1 e5 11.f5 b5 12.Bg5 Be7 13.Qe1 Bb7 14.a4 O-O 15.Qh4 Qd6 16.Rf3 h6
17.Bxh6 Nh7 18.f6 Bxf6 19.Qg3 Kh8 20.Be3 Qe7 21.Qf2 Rfd8 22.Rf1 Kg8 23.Bc5 Qe6
24.Ne2 Rd7 25.Rf5 Be7 26.Be3 Rf8 27.Qg3 Bd6 28.Qh4 Be7 29.Qg3 Bd6 30.Rh5 Qg6
31.Qh3 Bc8 32.Ng3 f6 33.Nf5 Rdd8 34.Rf3 Ng5 35.Bxg5 Kf7 36.Be3 Bb8 37.Rg3 Bxf5
38.exf5 Qxg3 39.Qxg3 e4 40.Qg6+ Ke7 41.Bc5+ Bd6 42.Bxd6+ Rxd6 43.Be2 Rd2
44.Qxg7+ Rf7 45.Qg4  1-0

[Event "16th Vienna Open"]
[Site "Vienna AUT"]
[Date "2009.08.19"]
[Round "5"]
[White "Ordian,V"]
[Black "Van der Weide,K"]
[Result "1/2-1/2"]
[WhiteElo "2349"]
[BlackElo "2481"]

1.e4 c5 2.Nc3 e6 3.Nge2 a6 4.d4 cxd4 5.Nxd4 Qc7 6.Bd3 Nf6 7.O-O d6 8.f4 Nbd7
9.Kh1 Be7 10.Qe2 b5 11.a4 b4 12.Na2 d5 13.e5 Ne4 14.f5 O-O 15.Bf4 Qb6 16.Be3 Bc5
17.a5 Qa7 18.Nc6 Qc7 19.Bxc5 Ndxc5 20.Naxb4 Bb7 21.f6 Bxc6 22.Nxc6 Qxc6 23.Qg4 g5
24.b4 Nxd3 25.cxd3 Kh8 26.dxe4 dxe4 27.Rae1 Qb5 28.Qxe4 Rab8 29.Rb1 Rfc8
30.Rfc1 h6 31.h3 Kg8 32.Kh2 Rxc1 33.Rxc1 Qd5 34.Qxd5 exd5 35.Rc5 Kh7 36.Rxd5 Rxb4
37.g4 Re4 38.Kg3 Kg6 39.Kf3 Re1 40.Rd6 Rxe5 41.Rxa6 h5 42.Ra8 hxg4+ 43.hxg4 Kxf6
44.a6 Kg7 45.Rb8 Ra5 46.Rb6 Ra4  1/2-1/2

[Event "5th Geller Mem Open A"]
[Site "Odessa UKR"]
[Date "2009.08.21"]
[Round "2"]
[White "Prokhorov,A2"]
[Black "Ivanenko,O2"]
[Result "1-0"]
[WhiteElo "2206"]
[BlackElo "2033"]

1.e4 c5 2.Nc3 e6 3.Nge2 a6 4.d4 cxd4 5.Nxd4 Qc7 6.g3 Bb4 7.Ne2 Nf6 8.Bg2 Nc6
9.O-O Be7 10.Nf4 d6 11.Qe2 O-O 12.Nd3 Rb8 13.f4 Nd7 14.a4 Bf6 15.g4 b5 16.axb5 axb5
17.g5 Bd4+ 18.Kh1 Na5 19.Nd1 b4 20.Rf3 Re8 21.Be3 Bxe3 22.Nxe3 Nf8 23.Rh3 Nc4
24.Ng4 e5 25.f5 Qd8 26.b3 Na3 27.Qd2 Rb7 28.Rg1 f6 29.gxf6 gxf6 30.Bf3 Kh8
31.Nh6 Ng6 32.Rxg6  1-0

[Event "24th Open"]
[Site "Tetevan BUL"]
[Date "2009.08.21"]
[Round "9"]
[White "Andreev,Sa"]
[Black "Mishev,L"]
[Result "1-0"]
[WhiteElo "2090"]
[BlackElo "2242"]

1.e4 c5 2.Nc3 e6 3.Nf3 a6 4.d4 cxd4 5.Nxd4 Qc7 6.g3 Bb4 7.Ne2 Nf6 8.Bg2 Nc6
9.O-O O-O 10.Bf4 Ne5 11.Qd4 Bxc3 12.Nxc3 d6 13.Rad1 Ne8 14.a4 f6 15.Bc1 Bd7
16.f4 Nc6 17.Qc4 Qb6+ 18.Kh1 Rc8 19.Bh3 f5 20.Qe2 Ne7 21.Bg2 Kh8 22.Rd3 Nf6
23.e5 Nfd5 24.exd6 Qxd6 25.Nxd5 Nxd5 26.b3 Qc7 27.c4 Nf6 28.Ba3 Rf7 29.Bd6 Qb6
30.c5 Qa7 31.Qe5 Re8 32.Bc7 Qa8 33.Rd6 Bc6 34.Bxc6 bxc6 35.Bb6 Ng4 36.Qd4 e5
37.fxe5 Nxe5 38.Re1 Nd7 39.Rd1 Nf8 40.Rd8 Rxd8 41.Qxd8 Qb7 42.Re1 a5 43.Re8 Kg8
44.Qc8 h6 45.Rxf8+  1-0

[Event "16th Vienna Open"]
[Site "Vienna AUT"]
[Date "2009.08.21"]
[Round "7"]
[White "Schwarhofer,C"]
[Black "Brinck Claussen,B"]
[Result "1-0"]
[WhiteElo "2239"]
[BlackElo "2314"]

1.e4 c5 2.Nf3 e6 3.d4 cxd4 4.Nxd4 a6 5.Nc3 Qc7 6.Bd3 Nf6 7.Be3 b5 8.f3 Bb7
9.g4 b4 10.Nce2 d5 11.e5 Nfd7 12.f4 Nc5 13.Qd2 Nbd7 14.O-O f6 15.a3 fxe5
16.fxe5 Nxe5 17.axb4 Ncxd3 18.cxd3 Nxg4 19.Ng3 Qb6 20.Qe2 Nxe3 21.Qxe3 Bxb4
22.Kh1 O-O-O 23.Rac1+ Kb8 24.Nc6+  1-0

[Event "16th Vienna Open"]
[Site "Vienna AUT"]
[Date "2009.08.22"]
[Round "8"]
[White "Neumeier,K"]
[Black "Radnetter,G"]
[Result "1-0"]
[WhiteElo "2344"]
[BlackElo "2196"]

1.e4 c5 2.Nf3 e6 3.d4 cxd4 4.Nxd4 a6 5.Nc3 Qc7 6.Bd3 Nf6 7.O-O Bc5 8.Nb3 Be7
9.a4 d6 10.a5 Bd7 11.Be3 Bc6 12.f4 Nbd7 13.Nd4 O-O 14.Qf3 Nc5 15.f5 d5 16.Nxc6 bxc6
17.fxe6 fxe6 18.Qh3 Kh8 19.e5 Nfe4 20.Bxe4 dxe4 21.b4 Qxe5 22.Bxc5 Bxc5+
23.bxc5 Qxc5+ 24.Kh1 e3 25.Ne2 Rf2 26.Nf4 g5 27.Nd3 Rxf1+ 28.Rxf1 Qxa5 29.Qxe3 Qd5
30.c4 Qxc4 31.Qe5+ Kg8 32.Qxg5+ Kh8 33.Qf6+  1-0

[Event "5th Gazi Open"]
[Site "Heraklion GRE"]
[Date "2009.08.23"]
[Round "2"]
[White "Tsilidis,A"]
[Black "Balomenakis,H"]
[Result "1-0"]
[WhiteElo "2312"]
[BlackElo "1876"]

1.e4 c5 2.Nf3 e6 3.d4 cxd4 4.Nxd4 a6 5.Nc3 Qc7 6.Bd3 Nf6 7.O-O Be7 8.f4 d6
9.Nb3 O-O 10.a4 b6 11.Be3 Bb7 12.Qf3 d5 13.e5 Nfd7 14.Qh5 g6 15.Qh6 Rc8 16.Nd4 Bf8
17.Qh4 Bg7 18.Rf3 Nf8 19.Qf2 Nbd7 20.h4 f5 21.h5 Nc5 22.Rh3 Nfd7 23.Be2 Kf7
24.g4 Rg8 25.Kh2 Rge8 26.gxf5 gxf5 27.h6 Bf8 28.Bh5+ Kg8 29.Qg3+  1-0

[Event "5th Geller Mem Open A"]
[Site "Odessa UKR"]
[Date "2009.08.23"]
[Round "4"]
[White "Spodyniuk,V"]
[Black "Lomakin,V"]
[Result "1-0"]
[WhiteElo "1876"]
[BlackElo "2119"]

1.e4 c5 2.Nf3 e6 3.d4 cxd4 4.Nxd4 a6 5.Nc3 b5 6.Bd3 Qb6 7.Nb3 Qc7 8.O-O Bb7
9.f4 Nf6 10.e5 b4 11.Nb1 Nd5 12.Qe1 Be7 13.Qg3 g6 14.Kh1 f5 15.exf6 Nxf6
16.N1d2 Nc6 17.Nc4 Nd5 18.Ne3 Nb6 19.Bd2 a5 20.c3 a4 21.Nc1 Bf6 22.cxb4 Bxb2
23.Rb1 Bf6 24.Ne2 Qd6 25.Ng4 Bg7 26.b5 Nd4 27.Bb4 Nxe2 28.Bxe2 Qc7 29.Rbc1 Qd8
30.Ne5 Be4 31.Qe3 Bd5 32.Bd3 Bf8 33.Bc3 Rg8 34.Qh3 Rg7 35.Ng4 Rf7 36.f5 exf5
37.Rce1+ Be6 38.Ne5 Re7 39.Bb4 Rg7 40.Bc3 Re7 41.Bb4 Rg7 42.Bc3 Re7 43.Nf3 Nd5
44.Bd2 h6 45.Ne5 Bf7 46.Bxh6 Nf6 47.Bxf8 Kxf8 48.Qh8+ Ng8 49.Bxf5  1-0

[Event "9th UIL&UL GM"]
[Site "Dahka BAN"]
[Date "2009.08.24"]
[Round "5"]
[White "Abu Sufian,S"]
[Black "Hasan,Me"]
[Result "0-1"]
[WhiteElo "2372"]
[BlackElo "2236"]

1.e4 c5 2.Nf3 e6 3.d4 cxd4 4.Nxd4 a6 5.Nc3 Qc7 6.Be2 Nc6 7.O-O Nf6 8.Be3 Be7
9.f4 d6 10.Qe1 O-O 11.Kh1 Nxd4 12.Bxd4 b5 13.a3 Bb7 14.Qg3 Rad8 15.Rae1 Rd7
16.Bd3 Re8 17.Qh3 g6 18.f5 e5 19.fxg6 hxg6 20.Be3 Bd8 21.Bg5 Nh5 22.Bh6 Nf4
23.Bxf4 exf4 24.Rxf4 Bg5 25.Rg4 Bf6 26.Rf1 Bg7 27.Qg3 Rde7 28.h4 Re5 29.Rf5 Qe7
30.Rxe5 Bxe5 31.Qf2 Kg7 32.Nd5 Bxd5 33.exd5 Bxb2 34.Re4 Be5 35.c4 bxc4 36.Rxc4 a5
37.Rg4 Rc8 38.g3 Rc5 39.Bf5  0-1

[Event "XI Sants Open"]
[Site "Barcelona ESP"]
[Date "2009.08.28"]
[Round "8"]
[White "Burton,G"]
[Black "Mihailovs,J"]
[Result "0-1"]
[WhiteElo "2042"]
[BlackElo "2408"]

1.e4 c5 2.Nf3 e6 3.d4 cxd4 4.Nxd4 a6 5.Nc3 Qc7 6.Bd3 Nf6 7.Qe2 Bc5 8.Nb3 Bd6
9.f3 b5 10.a3 Bb7 11.f4 b4 12.axb4 Bxb4 13.O-O O-O 14.Bd2 Nc6 15.Ra4 Rfd8
16.f5 Be7 17.fxe6 dxe6 18.Bf4 Bd6 19.Bg5 Be5 20.Nc5 Bd4+  0-1

[Event "9th UIL&UL GM"]
[Site "Dahka BAN"]
[Date "2009.08.28"]
[Round "9"]
[White "Nepali,B"]
[Black "Ahmed,J BAN"]
[Result "0-1"]
[WhiteElo "2162"]
[BlackElo "2138"]

1.e4 c5 2.Nf3 a6 3.d4 cxd4 4.Nxd4 e6 5.Nc3 Qc7 6.Bd3 Nf6 7.O-O b5 8.a3 Bb7
9.Be3 d6 10.f4 Nbd7 11.Kh1 Nc5 12.Qf3 Be7 13.Rae1 O-O 14.Bf2 Rfe8 15.Qh3 Bf8
16.Bh4 Nfd7 17.Bg3 g6 18.f5 exf5 19.exf5 Nxd3 20.cxd3 Bg7 21.Bf2 Nf6 22.Kg1 Nh5
23.Qg4 Re5 24.fxg6 hxg6 25.Nf3 Rxe1 26.Rxe1 Bxc3 27.Rc1 Qc8 28.Qh4 Qf5 29.Rxc3 Bxf3
30.gxf3 Qxf3 31.d4 Qd1+ 32.Kg2 Re8 33.Rc7 Qe2 34.d5 Re4 35.Qd8+ Kg7 36.Rc3 Rg4+  0-1